[Event "Irish Championship 2021"]
[Site "Dublin IRL"]
[Date "2021.08.02"]
[Round "3.16"]
[White "Casey, Eoghan"]
[Black "O'Connell, Gerard"]
[Result "0-1"]
[WhiteElo "1952"]
[BlackElo "2051"]
[WhiteICU "1876"]
[BlackICU "2005"]
[WhiteClub "Gonzaga"]
[BlackClub "St. Benildus"]
[WhiteNationality "IRL"]
[BlackNationality "IRL"]
[WhiteFideId "2502178"]
[BlackFideId "2500493"]
[PlyCount "94"]
[Venue "Colaiste Eanna"]
[EventDate "2021.07.31"]

{ Event information: <a
href="https://www.irlchess.com/irlch2021_allfiles/pairings_irlch2021.html">Tournament
report</a>. }

1. d4 Nf6 2. Bf4 d5 3. e3 g6 4. Nc3 Bg7 5. h4 h6 6. Nf3 Bg4 7. Qd2 c6 8.
Ne5 Be6 9. Be2 Nfd7 10. O-O-O Nxe5 11. Bxe5 Bxe5 12. dxe5 Nd7 13. f4 Qa5
14. h5 O-O-O 15. g4 Nc5 16. a3 Qb6 17. hxg6 fxg6 18. Qd4 Ne4 19. Qxb6 axb6
20. Nxe4 dxe4 21. Rxd8+ Kxd8 22. Rd1+ Kc7 23. Rd4 c5 24. Rxe4 Bd5 25. Ra4
Bc6 26. Rc4 Bb5 27. Rxc5+ bxc5 28. Bxb5 h5 29. g5 h4 30. Bd3 h3 31. Bxg6 h2
32. Be4 h1=Q+ 33. Bxh1 Rxh1+ 34. Kd2 e6 35. Kd3 b5 36. c4 Kc6 37. cxb5+
Kxb5 38. b3 Ra1 39. e4 Rxa3 40. Kc2 Kb4 41. f5 Ra2+ 42. Kc1 Kxb3 43. f6 c4
44. f7 Rf2 45. g6 c3 46. Kd1 c2+ 47. Ke1 Rxf7 0-1

[Event "Irish Championship 2021"]
[Site "Dublin IRL"]
[Date "2021.08.02"]
[Round "3.17"]
[White "Aherne, John P."]
[Black "Murchadha, Oissine"]
[Result "0-1"]
[WhiteElo "1903"]
[BlackElo "1976"]
[WhiteICU "1763"]
[WhiteClub "Rathmines"]
[WhiteNationality "IRL"]
[BlackNationality "IRL"]
[WhiteFideId "2501805"]
[BlackFideId "2503603"]
[PlyCount "132"]
[Venue "Colaiste Eanna"]
[EventDate "2021.07.31"]
[BlackFullName "Murchadha, Oiss&iacute;ne"]

{ Event information: <a
href="https://www.irlchess.com/irlch2021_allfiles/pairings_irlch2021.html">Tournament
report</a>. }

1. d4 d5 2. Nf3 Nf6 3. c4 c6 4. e3 e6 5. Nc3 Nbd7 6. cxd5 exd5 7. Bd3 Bd6
8. O-O O-O 9. Qc2 Re8 10. Bd2 Qe7 11. Rae1 Ne4 12. Bc1 Ndf6 13. h3 g6 14.
Nd2 Bd7 15. f4 h5 16. Nf3 Ng3 17. Rf2 Nfe4 18. Bxe4 Nxe4 19. Nxe4 Qxe4 20.
Qxe4 Rxe4 21. Bd2 f6 22. Rc1 Kg7 23. Rff1 a5 24. a3 Ree8 25. Kf2 Bf5 26.
Rc3 Be4 27. Rfc1 Kf7 28. Ne1 Re7 29. Rb3 Bf5 30. Nd3 Bc8 31. Nc5 h4 32. Na4
Ra7 33. Nb6 Be6 34. Na4 g5 35. Nc5 Bc8 36. Rbc3 Kg6 37. Kf3 Bf5 38. Be1 Ra8
39. fxg5 fxg5 40. Rb3 Bc8 41. Rbc3 Kh5 42. Ke2 Bf5 43. Kd2 Be4 44. Nxe4
Rxe4 45. Rb3 Re7 46. Ke2 a4 47. Rd3 Rae8 48. Bf2 Rf8 49. Rc2 Ref7 50. Ke1
Kg6 51. Rdd2 Kf5 52. Re2 Ke4 53. Kd1 Bc7 54. Kc1 Bg3 55. Bxg3 hxg3 56. Rcd2
Rf2 57. Kc2 Rxe2 58. Rxe2 Rf2 59. Kd2 Rxe2+ 60. Kxe2 b6 61. Kd2 c5 62. dxc5
bxc5 63. Ke2 d4 64. exd4 cxd4 65. Kd2 d3 66. Ke1 Ke3 0-1

[Event "Irish Championship 2021"]
[Site "Dublin IRL"]
[Date "2021.08.02"]
[Round "3.18"]
[White "MacElligott, Gerard"]
[Black "Collins, Adam"]
[Result "0-1"]
[WhiteTitle "CM"]
[WhiteElo "1966"]
[BlackElo "1887"]
[WhiteICU "1938"]
[BlackICU "1966"]
[WhiteClub "Elm Mount"]
[BlackClub "Kilkenny"]
[WhiteNationality "IRL"]
[BlackNationality "IRL"]
[WhiteFideId "2500647"]
[BlackFideId "2512300"]
[PlyCount "78"]
[Venue "Colaiste Eanna"]
[EventDate "2021.07.31"]

{ Event information: <a
href="https://www.irlchess.com/irlch2021_allfiles/pairings_irlch2021.html">Tournament
report</a>. }

1. d4 d5 2. c4 c6 3. Nf3 Nf6 4. g3 e6 5. Bg2 Bb4+ 6. Bd2 Be7 7. Qc2 O-O 8.
O-O Nbd7 9. Bf4 b6 10. Nbd2 Bb7 11. Rfd1 Rc8 12. e4 c5 13. e5 Ne8 14. h4
cxd4 15. Nxd4 Ba6 16. Rac1 b5 17. b3 bxc4 18. bxc4 Nb6 19. Bf1 Bxc4 20.
Nxc4 Nxc4 21. Rd3 Rc7 22. Qb3 Qd7 23. Rdc3 Rb7 24. Qd1 Bb4 25. Rb3 Na5 26.
Rbb1 Nc7 27. a4 Rfb8 28. Bb5 Nxb5 29. axb5 Ba3 30. Rc3 Nc4 31. Qa4 Bc5 32.
Nc6 Rc8 33. Ra1 Qc7 34. Be3 Bxe3 35. fxe3 Qb6 36. Kf2 Rcc7 37. Nd8 Nxe5 38.
Rb3 Rc2+ 39. Kf1 Qxd8 0-1

[Event "Irish Championship 2021"]
[Site "Dublin IRL"]
[Date "2021.08.03"]
[Round "4.1"]
[White "O'Gorman, Tom"]
[Black "Heidenfeld, Mark"]
[Result "1-0"]
[WhiteTitle "FM"]
[BlackTitle "IM"]
[WhiteElo "2368"]
[BlackElo "2360"]
[WhiteICU "2303"]
[BlackICU "2282"]
[WhiteClub "Dun Laoghaire"]
[WhiteNationality "IRL"]
[BlackNationality "IRL"]
[WhiteFideId "2508249"]
[BlackFideId "2500990"]
[PlyCount "103"]
[Venue "Colaiste Eanna"]
[EventDate "2021.07.31"]
[Source "Live boards"]

{ Event information: <a
href="https://www.irlchess.com/irlch2021_allfiles/pairings_irlch2021.html">Tournament
report</a>. }

1. d4 d5 2. c4 c6 3. cxd5 cxd5 4. Nc3 Nc6 5. Bf4 Nf6 6. e3 Bf5 7. Qb3 Na5
8. Qa4+ Bd7 9. Qc2 Rc8 10. Bd3 e6 11. Nf3 Qb6 12. Ne5 Nc4 13. Bxc4 dxc4 14.
O-O Be7 15. Bg5 Qc7 16. f4 b5 17. a4 a6 18. axb5 axb5 19. Bxf6 gxf6 20.
Nxd7 Qxd7 21. f5 b4 22. Ne4 O-O 23. Rf3 Kh8 24. Qf2 exf5 25. Rxf5 c3 26.
bxc3 bxc3 27. Nxf6 Bxf6 28. Rxf6 Qe7 29. Rf3 c2 30. Rc1 Qe4 31. Qd2 Rfe8
32. Kf2 Qh4+ 33. Kg1 Qe4 34. d5 Re5 35. d6 Rd5 36. d7 Rg8 37. Qc3+ Rg7 38.
Qc8+ Rg8 39. Qc3+ Rg7 40. Kf2 Qg4 $2 (40... Qd3 $10) 41. Rg3 $18 Qf5+ 42.
Ke1 Rd1+ 43. Rxd1 cxd1=R+ 44. Kxd1 Qxd7+ 45. Ke1 f5 46. Kf2 Qc7 47. Qxg7+
Qxg7 48. Rxg7 Kxg7 49. Kf3 Kf6 50. Kf4 h6 51. h4 Ke6 52. g4 1-0

[Event "Irish Championship 2021"]
[Site "Dublin IRL"]
[Date "2021.08.03"]
[Round "4.2"]
[White "O'Donnell, Conor"]
[Black "Kanyamarala, Tarun"]
[Result "1-0"]
[WhiteTitle "FM"]
[BlackTitle "FM"]
[WhiteElo "2331"]
[BlackElo "2369"]
[WhiteICU "2311"]
[BlackICU "2296"]
[WhiteClub "Gonzaga"]
[BlackClub "Balbriggan"]
[WhiteNationality "IRL"]
[BlackNationality "IRL"]
[WhiteFideId "2504243"]
[BlackFideId "45004714"]
[PlyCount "161"]
[Venue "Colaiste Eanna"]
[EventDate "2021.07.31"]
[Source "Live boards"]

{ Event information: <a
href="https://www.irlchess.com/irlch2021_allfiles/pairings_irlch2021.html">Tournament
report</a>. }

1. c4 e6 2. g3 Nf6 3. Bg2 d5 4. Nf3 dxc4 5. Qa4+ Nbd7 6. Qxc4 a6 7. Qc2 Bd6
8. O-O O-O 9. d4 Qe7 10. Nbd2 c5 11. Nc4 cxd4 12. Nxd4 Bc5 13. Nb3 Nb6 14.
Nxc5 Qxc5 15. b3 Nxc4 16. Qxc4 Qxc4 17. bxc4 e5 18. c5 e4 19. Rb1 Be6 20.
Rxb7 Rfc8 21. Bb2 Nd7 22. c6 Rxc6 23. Bxe4 Rc4 24. Bf3 Rac8 25. Rd1 Nc5 26.
Rc7 Na4 27. Rxc8+ Rxc8 28. Ba1 f6 29. Bb7 Rc2 30. Bxa6 Nc5 31. Bb5 Rxa2 32.
Bd4 Nb3 33. Bc3 Kf7 34. f4 Rc2 35. Bb4 Rc8 36. Ba6 Rb8 37. Ba3 Rb6 38. Bd3
g6 39. e4 f5 40. e5 Rb8 41. Bf1 Ra8 42. Bd6 Ra2 43. Bg2 Rc2 44. Ba3 Ra2 45.
Bb4 Ra4 46. Be1 Nc5 47. Rc1 Rc4 48. Rb1 Rc2 49. Ra1 Nd3 50. Bf1 Nc5 51. Bb4
Nd7 52. Ra7 Rb2 53. Bd6 Ke8 54. Ra8+ Kf7 55. Rh8 Rb1 56. Rxh7+ Kg8 57. Re7
Bc4 58. Rxd7 Rxf1+ 59. Kg2 Rd1 60. Rc7 Bd5+ 61. Kh3 Rb1 62. Kh4 Rb7 63.
Rc8+ Kg7 64. Kg5 Be6 65. Re8 Bf7 66. Ra8 Bd5 67. Bf8+ Kh7 68. Rd8 Bg8 69.
Bd6 Kg7 70. Bf8+ Kh7 71. Bd6 Bc4 72. h3 Kg7 73. Bf8+ Kh7 74. g4 Rf7 75. Bb4
Rb7 76. Bc5 Rc7 77. Bd4 Be6 78. gxf5 gxf5 79. Kf6 Bg8 80. Kxf5 Re7 81. Rd6
1-0

[Event "Irish Championship 2021"]
[Site "Dublin IRL"]
[Date "2021.08.03"]
[Round "4.3"]
[White "Kanyamarala, Trisha"]
[Black "Fitzsimons, David"]
[Result "0-1"]
[WhiteTitle "WIM"]
[BlackTitle "IM"]
[WhiteElo "2180"]
[BlackElo "2324"]
[WhiteICU "2178"]
[BlackICU "2343"]
[WhiteClub "Balbriggan"]
[BlackClub "Elm Mount"]
[WhiteNationality "IRL"]
[BlackNationality "IRL"]
[WhiteFideId "45004722"]
[BlackFideId "2501961"]
[PlyCount "128"]
[Venue "Colaiste Eanna"]
[EventDate "2021.07.31"]
[Source "Live boards"]

{ Event information: <a
href="https://www.irlchess.com/irlch2021_allfiles/pairings_irlch2021.html">Tournament
report</a>. }

1. d4 Nf6 2. c4 e6 3. Nc3 Bb4 4. e3 c5 5. Nf3 Nc6 6. Bd3 Bxc3+ 7. bxc3 d6
8. O-O e5 9. Qc2 h6 10. Nd2 O-O 11. d5 Ne7 12. f4 Ng4 13. Nb3 f5 14. h3 e4
15. hxg4 exd3 16. Qxd3 fxg4 17. e4 Ng6 18. e5 Qh4 19. g3 Bf5 20. Qe3 Qh3
21. e6 Nh4 22. Rf2 Nf3+ 23. Rxf3 gxf3 24. Qxf3 Rf6 25. Be3 Rg6 26. Kf2 Qh2+
27. Qg2 Qxg2+ 28. Kxg2 b5 29. cxb5 Be4+ 30. Kh2 Bxd5 31. f5 Rf6 32. g4 g6
33. Rd1 Bc4 34. Rxd6 gxf5 35. gxf5 Rxf5 36. Nxc5 Bxb5 37. e7 Re8 38. Re6
Kf7 39. Rxh6 Rxe7 40. Bd4 Be2 41. Kg3 Ke8 42. Ne6 Kd7 43. Nc5+ Kc8 44. Ne6
Bc4 45. Rh8+ Kb7 46. Nc5+ Kc6 47. Rh6+ Kd5 48. a3 Re8 49. Kg4 Rf7 50. Rh5+
Kc6 51. Rh6+ Kc7 52. Rg6 Re2 53. Na6+ Kd7 54. Nc5+ Ke7 55. Rc6 Rg2+ 56. Kh3
Ra2 57. Rc7+ Kd6 58. Rxf7 Bxf7 59. a4 Kd5 60. Kg4 Be8 61. Na6 Bd7+ 62. Kg5
Rxa4 63. Nb8 Be8 64. Kf6 Bb5 0-1

[Event "Irish Championship 2021"]
[Site "Dublin IRL"]
[Date "2021.08.03"]
[Round "4.4"]
[White "Daly, Colm"]
[Black "Carroll, Peter"]
[Result "1/2-1/2"]
[WhiteTitle "FM"]
[WhiteElo "2285"]
[BlackElo "2059"]
[WhiteICU "2261"]
[BlackICU "2035"]
[WhiteClub "Bray/Greystones"]
[BlackClub "Gonzaga"]
[WhiteNationality "IRL"]
[BlackNationality "IRL"]
[WhiteFideId "2500434"]
[BlackFideId "2510243"]
[PlyCount "81"]
[Venue "Colaiste Eanna"]
[EventDate "2021.07.31"]
[Source "Live boards"]

{ Event information: <a
href="https://www.irlchess.com/irlch2021_allfiles/pairings_irlch2021.html">Tournament
report</a>. }

1. e4 c5 2. Nf3 d6 3. d4 cxd4 4. Nxd4 Nf6 5. Nc3 a6 6. a4 e6 7. Be2 Nc6 8.
O-O Be7 9. Nb3 O-O 10. a5 d5 11. exd5 exd5 12. Be3 Bf5 13. Bf3 Ne5 14. Bxd5
Bxc2 15. Bxf7+ Rxf7 16. Qxc2 Bd6 17. h3 Nfg4 18. Rad1 Qh4 19. Qe4 Re8 20.
Bf4 Nf6 21. Qf5 Nf3+ 22. gxf3 Bxf4 23. Rd4 Nd7 24. Qg4 Qh6 25. Rxd7 Rf6 26.
Kg2 Rg6 27. Rh1 Rxg4+ 28. hxg4 $10 Qc6 29. Rhd1 h5 30. gxh5 Qc4 31. Nd4 Re5
32. Ne4 Rxh5 33. b3 Qb4 34. Ne6 Bh6 35. Rd8+ (35. Rc7 $18) 35... Kf7 36.
Nf8 $2 Re5 $2 (36... Bg5 $10) 37. R1d7+ $2 (37. Nd6+ $18) 37... Re7 38.
Nd6+ Kf6 39. Nh7+ Ke6 40. Nf8+ Kf6 41. Nh7+ 1/2-1/2

[Event "Irish Championship 2021"]
[Site "Dublin IRL"]
[Date "2021.08.03"]
[Round "4.5"]
[White "Murphy, Sean J."]
[Black "Baburin, Alexander"]
[Result "0-1"]
[BlackTitle "GM"]
[WhiteElo "1990"]
[BlackElo "2416"]
[WhiteICU "2020"]
[BlackICU "2369"]
[WhiteClub "Cork"]
[BlackClub "Kilkenny"]
[WhiteNationality "IRL"]
[BlackNationality "IRL"]
[WhiteFideId "2512742"]
[BlackFideId "2500914"]
[PlyCount "124"]
[Venue "Colaiste Eanna"]
[EventDate "2021.07.31"]
[Source "Live boards"]
[WhiteFullName "Murphy, Se&aacute;n J."]

{ Event information: <a
href="https://www.irlchess.com/irlch2021_allfiles/pairings_irlch2021.html">Tournament
report</a>. }

1. d4 d5 2. c4 e6 3. Nc3 Nf6 4. Nf3 Be7 5. Bg5 O-O 6. Qc2 h6 7. Bxf6 Bxf6
8. O-O-O c6 9. h4 g6 10. g4 Bg7 11. e4 b5 12. h5 g5 13. cxb5 Qf6 14. Rh3
cxb5 15. Bxb5 Na6 16. e5 Qf4+ 17. Qd2 Qxg4 18. Rg3 Qf4 19. Qxf4 gxf4 20.
Rg2 Kh8 21. Rdg1 Rg8 22. Be8 Rxe8 23. Rxg7 Rf8 24. Nh2 Bd7 25. R7g2 f5 26.
Ne2 Rg8 27. Rg6 Rxg6 28. Rxg6 Kh7 29. Nxf4 Rc8+ 30. Kb1 Rc6 31. a3 Nc7 32.
b3 Be8 33. Rf6 Kg7 34. Nf1 Bf7 35. Ne3 Rb6 36. Kb2 Ne8 37. Nfxd5 exd5 38.
Nxf5+ Kf8 39. Rxb6 axb6 40. Nxh6 Be6 41. f3 Ng7 42. a4 Nxh5 43. b4 Ke7 44.
a5 bxa5 45. bxa5 Kd7 46. Kb3 Kc6 47. Kb4 Nf4 48. a6 Kb6 49. a7 Kxa7 50. Kc5
Kb7 51. Kd6 Kb6 52. Ng4 Kb5 53. Ne3 Kb4 54. Nxd5+ Bxd5 55. e6 Bb3 56. e7
Ba4 57. Ke5 Ng6+ 58. Kd6 Kc4 59. Ke6 Be8 60. Kd6 Nf4 61. Kc7 Ba4 62. d5
Kxd5 0-1

[Event "Irish Championship 2021"]
[Site "Dublin IRL"]
[Date "2021.08.03"]
[Round "4.6"]
[White "Murphy, Conor E."]
[Black "Tirziman, Rudolf"]
[Result "1-0"]
[WhiteTitle "FM"]
[WhiteElo "2394"]
[BlackElo "1941"]
[WhiteICU "2419"]
[WhiteClub "Charlton ENG"]
[BlackClub "Blanchardstown"]
[WhiteNationality "IRL"]
[BlackNationality "IRL"]
[WhiteFideId "421669"]
[BlackFideId "2508664"]
[PlyCount "57"]
[Venue "Colaiste Eanna"]
[EventDate "2021.07.31"]
[Source "Live boards"]

{ Event information: <a
href="https://www.irlchess.com/irlch2021_allfiles/pairings_irlch2021.html">Tournament
report</a>. }

1. e4 e6 2. d4 d5 3. Nc3 Nf6 4. e5 Nfd7 5. f4 c5 6. Nf3 Nc6 7. Be3 a6 8. a3
b5 9. dxc5 Bxc5 10. Bxc5 Nxc5 11. b4 Nd7 12. Bd3 f5 13. O-O Nb6 14. Qe1 O-O
15. Qf2 Qc7 16. Kh1 Rb8 17. Ne2 Na4 18. Rg1 d4 19. Nexd4 Qb6 20. Rgf1 Rd8
21. Nb3 Qxf2 22. Rxf2 Ne7 23. Bf1 h6 24. c4 bxc4 25. Bxc4 Nd5 26. Nfd4 Rb6
27. Nc5 Nac3 28. Rc1 Kf7 29. Nxf5 1-0

[Event "Irish Championship 2021"]
[Site "Dublin IRL"]
[Date "2021.08.03"]
[Round "4.7"]
[White "Cafolla, Peter"]
[Black "Venkatesan, Kavin"]
[Result "0-1"]
[WhiteElo "1958"]
[BlackElo "2011"]
[WhiteICU "1914"]
[BlackICU "2032"]
[WhiteClub "Rathmines"]
[BlackClub "St. Benildus"]
[WhiteNationality "IRL"]
[BlackNationality "IRL"]
[WhiteFideId "2500884"]
[BlackFideId "2512602"]
[PlyCount "144"]
[Venue "Colaiste Eanna"]
[EventDate "2021.07.31"]
[Source "Live boards"]

{ Event information: <a
href="https://www.irlchess.com/irlch2021_allfiles/pairings_irlch2021.html">Tournament
report</a>. }

1. e4 c5 2. Nc3 a6 3. g3 b5 4. Bg2 Bb7 5. d3 e6 6. Nh3 Ne7 7. O-O b4 8. Ne2
d5 9. f4 dxe4 10. dxe4 Qxd1 11. Rxd1 g6 12. Nf2 Nd7 13. c4 e5 14. Nd3 Nc6
15. fxe5 Ndxe5 16. Nxe5 Nxe5 17. b3 Bg7 18. Rb1 O-O 19. Be3 Rac8 20. h3 f5
21. exf5 Bxg2 22. Kxg2 Rce8 23. Bxc5 Rxf5 24. Nd4 Rg5 25. Bxb4 Nf7 26. Rb2
Re3 27. g4 h5 28. Rf2 hxg4 29. h4 $16 Rge5 30. Nc2 Re2 31. Rd2 Rxd2 32.
Bxd2 Re4 33. Bf4 Ne5 34. Bxe5 Bxe5 35. Nb4 g3 36. Rf1 Rxh4 $10 37. Rh1 Rd4
38. Nc6 Rd2+ 39. Kh3 Bd6 40. c5 Bxc5 41. Kxg3 Rxa2 42. b4 $2 (42. Kf4 $15)
42... Bd6+ 43. Kf3 Rc2 44. b5 axb5 45. Nd4 Rc5 46. Ra1 Be5 47. Ke4 $2 (47.
Ra8+) 47... Bxd4 48. Kxd4 $19 Rh5 49. Ra7 Rh7 50. Ra8+ Kg7 51. Ke5 Rh5+ 52.
Kf4 Rc5 53. Rb8 Kh6 54. Rh8+ Kg7 55. Rb8 g5+ 56. Kg4 Kf6 57. Rb6+ Ke7 58.
Kf3 Kd7 59. Ke3 Kc7 60. Rg6 b4 61. Kd4 Rb5 62. Kc4 b3 63. Kxb5 b2 64. Rg7+
Kd8 65. Rxg5 b1=Q+ 66. Ka6 Qd3+ 67. Kb7 Qd7+ 68. Kb8 Qd6+ 69. Ka8 Qa3+ 70.
Kb7 Qb2+ 71. Ka8 Kc7 72. Rc5+ Kb6 0-1

[Event "Irish Championship 2021"]
[Site "Dublin IRL"]
[Date "2021.08.03"]
[Round "4.8"]
[White "Fox, Anthony"]
[Black "Putar, Leon"]
[Result "1/2-1/2"]
[WhiteElo "2005"]
[BlackElo "1918"]
[WhiteICU "2007"]
[BlackICU "1901"]
[WhiteClub "Dun Laoghaire"]
[BlackClub "St. Benildus"]
[WhiteNationality "IRL"]
[BlackNationality "IRL"]
[WhiteFideId "2500736"]
[BlackFideId "14546612"]
[PlyCount "112"]
[Venue "Colaiste Eanna"]
[EventDate "2021.07.31"]
[Source "Live boards"]

{ Event information: <a
href="https://www.irlchess.com/irlch2021_allfiles/pairings_irlch2021.html">Tournament
report</a>. }

1. e4 d5 2. exd5 Nf6 3. Nf3 Nxd5 4. d4 Bg4 5. Be2 e6 6. O-O c6 7. c4 Nb6 8.
b3 Be7 9. Nc3 N8d7 10. Be3 Nf6 11. h3 Bh5 12. Ne5 Bxe2 13. Qxe2 O-O 14.
Rad1 Nfd7 15. f4 f6 16. Nf3 Qc7 17. Bc1 Bb4 18. Qxe6+ Kh8 19. Qe3 Rfe8 20.
Qd3 Rad8 21. Qc2 Nc8 22. Ne4 Nd6 23. Ng3 c5 24. a3 Ba5 25. d5 b5 26. cxb5
Nxb5 27. a4 Nd4 28. Nxd4 cxd4 29. Qxc7 Bxc7 30. Bb2 Nb6 31. Bxd4 Rxd5 32.
Bxb6 Bxb6+ 33. Kh2 Rxd1 34. Rxd1 g6 35. Nf1 f5 36. g4 Re4 37. gxf5 gxf5 38.
Ng3 Rxf4 39. Nh5 Rf2+ 40. Kg3 Rb2 41. Rd3 Kg8 42. Kf4 Rf2+ 43. Kg5 Kf7 44.
b4 Ke6 45. a5 Bc7 46. Ng7+ Ke5 47. Rd7 Bd6 48. Rxa7 Bxb4 49. Rb7 Bd2+ 50.
Kh5 Rf3 51. Rb5+ Kf6 52. Rxf5+ Rxf5+ 53. Nxf5 Kxf5 54. a6 Be3 55. a7 Bxa7
56. Kh6 Ke5 1/2-1/2

[Event "Irish Championship 2021"]
[Site "Dublin IRL"]
[Date "2021.08.03"]
[Round "4.9"]
[White "Moran, Darragh"]
[Black "Harding, Tim"]
[Result "1-0"]
[BlackTitle "CM"]
[WhiteElo "1859"]
[BlackElo "2003"]
[WhiteICU "1838"]
[BlackICU "1955"]
[WhiteClub "Gonzaga"]
[BlackClub "T.C.D."]
[WhiteNationality "IRL"]
[BlackNationality "IRL"]
[WhiteFideId "2510294"]
[BlackFideId "2500256"]
[PlyCount "105"]
[Venue "Colaiste Eanna"]
[EventDate "2021.07.31"]
[Source "Live boards"]

{ Event information: <a
href="https://www.irlchess.com/irlch2021_allfiles/pairings_irlch2021.html">Tournament
report</a>. }

1. e4 c6 2. Nc3 d5 3. Qf3 dxe4 4. Nxe4 Nd7 5. d4 Ndf6 6. c3 Nxe4 7. Qxe4
Nf6 8. Qc2 Qd5 9. Nf3 Bf5 10. Qb3 Qxb3 11. axb3 e6 12. Be2 Bd6 13. O-O O-O
14. b4 a6 15. Ne5 Nd5 16. Bf3 Rad8 17. Re1 Rfe8 18. Nc4 Bb8 19. Bg5 f6 20.
Bh4 Kf7 21. Bg3 Bxg3 22. hxg3 g5 23. Na5 Re7 24. g4 Bg6 25. g3 Rc7 26. Nb3
Re7 27. Nc5 Rde8 28. Re2 b6 29. Ne4 Ra8 30. Nd6+ Kf8 31. Rae1 Bf7 32. Nc4
Rb8 33. Ra1 Ra7 34. Kg2 Bg8 35. Be4 Kg7 36. Ree1 Ne7 37. Nd6 Rd8 38. Nc4
Rb8 39. Bd3 Nd5 40. Nd6 Rd8 41. Ne4 Rda8 42. Ra3 h6 43. Rea1 Nc7 44. Nd2 e5
45. dxe5 Bd5+ 46. Be4 fxe5 47. Re1 Rd8 48. Bxd5 Nxd5 49. Nc4 c5 50. bxc5
bxc5 51. Rxe5 Kf6 52. Ra5 Nb6 53. Rf5+ 1-0

[Event "Irish Championship 2021"]
[Site "Dublin IRL"]
[Date "2021.08.03"]
[Round "4.10"]
[White "Scott, Luke"]
[Black "Putar, Lara"]
[Result "1-0"]
[WhiteElo "1906"]
[BlackElo "1930"]
[WhiteICU "1959"]
[BlackICU "1969"]
[WhiteClub "Ballyroan"]
[BlackClub "St. Benildus"]
[WhiteNationality "IRL"]
[BlackNationality "IRL"]
[WhiteFideId "2507986"]
[BlackFideId "14546604"]
[PlyCount "69"]
[Venue "Colaiste Eanna"]
[EventDate "2021.07.31"]
[Source "Live boards"]

{ Event information: <a
href="https://www.irlchess.com/irlch2021_allfiles/pairings_irlch2021.html">Tournament
report</a>. }

1. d4 Nf6 2. c4 g6 3. Nc3 d5 4. Nf3 Bg7 5. cxd5 Nxd5 6. e4 Nxc3 7. bxc3 c5
8. Rb1 O-O 9. Be2 Nc6 10. d5 Ne5 11. Nxe5 Bxe5 12. Qd2 Qc7 13. f4 Bg7 14.
O-O a6 15. c4 Bd7 16. Bb2 Bxb2 17. Rxb2 b5 18. h4 h5 19. Rb3 bxc4 20. Rg3
Kh7 21. Qd1 Kh6 22. Rg5 f6 23. d6 exd6 24. Rd5 Rad8 25. Bxh5 Rg8 26. Bxg6
Rxg6 27. Rh5+ Kg7 28. f5 Rg3 29. Rf4 d5 30. Rg4+ Kf8 31. Rh8+ Ke7 32. Rh7+
Kf8 33. Qxd5 Be6 34. Rh8+ Ke7 35. Qxe6# 1-0

[Event "Irish Championship 2021"]
[Site "Dublin IRL"]
[Date "2021.08.03"]
[Round "4.11"]
[White "Lyons, Brendan"]
[Black "Doyle, Tony"]
[Result "1/2-1/2"]
[WhiteElo "1931"]
[BlackElo "2206"]
[WhiteICU "1886"]
[BlackICU "2046"]
[WhiteClub "St. Benildus"]
[WhiteNationality "IRL"]
[BlackNationality "IRL"]
[WhiteFideId "2500698"]
[BlackFideId "2500329"]
[PlyCount "40"]
[Venue "Colaiste Eanna"]
[EventDate "2021.07.31"]
[Source "Live boards"]

{ Event information: <a
href="https://www.irlchess.com/irlch2021_allfiles/pairings_irlch2021.html">Tournament
report</a>. }

1. e4 e5 2. Nf3 Nc6 3. Bc4 Bc5 4. c3 d6 5. d4 exd4 6. cxd4 Bb4+ 7. Nc3 Nf6
8. O-O Bxc3 9. bxc3 O-O 10. Re1 h6 11. h3 Bd7 12. e5 dxe5 13. dxe5 Nh7 14.
Ba3 Re8 15. Qb3 Be6 16. Rad1 Qc8 17. Rd3 Bxc4 18. Qxc4 Qe6 19. Qb5 b6 20.
Bd6 Qd7 1/2-1/2

[Event "Irish Championship 2021"]
[Site "Dublin IRL"]
[Date "2021.08.03"]
[Round "4.12"]
[White "Collins, Adam"]
[Black "O'Connor, Jonathan"]
[Result "1-0"]
[WhiteElo "1887"]
[BlackElo "2153"]
[WhiteICU "1966"]
[BlackICU "2124"]
[WhiteClub "Kilkenny"]
[BlackClub "Dublin"]
[WhiteNationality "IRL"]
[BlackNationality "IRL"]
[WhiteFideId "2512300"]
[BlackFideId "2501112"]
[PlyCount "105"]
[Venue "Colaiste Eanna"]
[EventDate "2021.07.31"]
[Source "Live boards"]

{ Event information: <a
href="https://www.irlchess.com/irlch2021_allfiles/pairings_irlch2021.html">Tournament
report</a>. }

1. e4 e5 2. Nf3 Nc6 3. Bb5 a6 4. Ba4 Nf6 5. O-O Bc5 6. c3 O-O 7. Re1 Ba7 8.
Bxc6 dxc6 9. Nxe5 Re8 10. d4 c5 11. Nf3 Nxe4 12. Be3 Bg4 13. dxc5 Nxc5 14.
Bxc5 Qxd1 15. Rxd1 Bxc5 16. Kf1 Rad8 17. Rxd8 Rxd8 18. Nbd2 f6 19. Re1 Kf7
20. h3 Bf5 21. Ne4 Bb6 22. g4 Bc8 23. Ng3 g6 24. Kg2 c5 25. Ne4 h6 26. Ng3
Bc7 27. Re2 b6 28. Rd2 Bb7 29. Rxd8 Bxd8 $17 30. Nf1 Bc7 31. Nd2 Bf4 32.
Kf1 g5 33. Ke2 Ke6 34. Nc4 b5 35. Ne3 Bxe3 36. Kxe3 a5 $6 (36... f5 $15)
37. Nd2 Bg2 $4 (37... f5 $10) 38. f3 h5 39. Kf2 Bxh3 40. Kg3 Bxg4 41. fxg4
h4+ 42. Kf3 Kd5 43. Ne4 Kc4 44. Nxf6 b4 45. Ne4 bxc3 46. bxc3 a4 47. Nxg5
Kxc3 48. Ne4+ Kb2 49. g5 a3 50. g6 Kxa2 51. g7 Kb2 52. g8=Q a2 53. Qg7+ 1-0